Online
Catalog

Tigres de otro pelaje : (Record no. 58301)

MARC details
000 -CABECERA
campo de control de longitud fija 02596nam a2200397 i 4500
003 - IDENTIFICADOR DEL NÚMERO DE CONTROL
campo de control DO-SdBNP
005 - FECHA Y HORA DE LA ÚLTIMA TRANSACCIÓN
campo de control 20250609095542.0
007 - CAMPO FIJO DE DESCRIPCIÓN FÍSICA--INFORMACIÓN GENERAL
campo de control de longitud fija ta
008 - DATOS DE LONGITUD FIJA--INFORMACIÓN GENERAL
campo de control de longitud fija 250514b2024 dr a|||| |||| 00| 0 spa d
020 ## - NÚMERO INTERNACIONAL ESTÁNDAR DEL LIBRO
Número Internacional Estándar del Libro 9789945510829
040 ## - FUENTE DE LA CATALOGACIÓN
Centro catalogador/agencia de origen DO-SdBNP
Lengua de catalogación spa
Centro/agencia transcriptor BNPHU
Normas de descripción rda
041 ## - CÓDIGO DE LENGUA
Código de lengua del texto/banda sonora o título independiente spa
082 #4 - NÚMERO DE LA CLASIFICACIÓN DECIMAL DEWEY
Número de clasificación 781.64
Número de documento/Ítem H971t
Número de edición 22
100 ## - ENTRADA PRINCIPAL--NOMBRE DE PERSONA
Nombre de persona Hutchinson, Sydney,
Término indicativo de función/relación autor
Código de función/relación aut.
9 (RLIN) 2301
240 10 - TÍTULO UNIFORME
Título uniforme Tigers of a different stripe: performing gender in dominican.
Lenguaje de la obra Español
245 10 - MENCIÓN DE TÍTULO
Título Tigres de otro pelaje :
Resto del título interpretando el género en la música dominicana /
Mención de responsabilidad, etc. Sydney Hutchinson ; traducción revisa por Rossy Díaz, María del Carmen Vicente ; corrección de Apolinar Liz Rodríguez, Modesto Cuesta, María del Carmen Vicente
250 ## - MENCIÓN DE EDICIÓN
Mención de edición Primera edición
264 #4 - PRODUCCIÓN, PUBLICACIÓN, DISTRIBUCIÓN, FABRICACIÓN Y COPYRIGHT
Producción, publicación, distribución, fabricación y copyright Santo Domingo :
Nombre del de productor, editor, distribuidor, fabricante Ministerio de Cultura de la República Dominicana :
-- Editora Nacional,
Fecha de producción, publicación, distribución, fabricación o copyright ©2024.
300 ## - DESCRIPCIÓN FÍSICA
Extensión 389 páginas :
Otras características físicas ilustraciones ;
Dimensiones 23 cm.
336 ## - TIPO DE CONTENIDO
Término de tipo de contenido texto
Código de tipo de contenido txt
Fuente rdacontent
337 ## - TIPO DE MEDIO
Nombre/término del tipo de medio sin mediaación
Código del tipo de medio n
Fuente rdamedia
338 ## - TIPO DE SOPORTE
Nombre/término del tipo de soporte volumen
Código del tipo de soporte nc
Fuente rdacarrier
500 ## - NOTA GENERAL
Nota general Incluye datos biográficos del autor en la solapa de la cubierta
500 ## - NOTA GENERAL
Nota general Traducción de: Tigers of a different stripe: performing gender in dominican music del inglés.
504 ## - NOTA DE BIBLIOGRAFÍA, ETC.
Nota de bibliografía, etc. Bibliografía: páginas 369-389.
505 ## - NOTA DE CONTENIDO CON FORMATO
Nota de contenido con formato Presentación primera edición en español /
Mención de responsabilidad Darío Tejeda, 11 --
Título Agradecimientos, 17 --
-- Introducción, 21 --
Información miscelánea Capítulo 1.
Título Una historia con (y del) genero sexual, 61 --
Información miscelánea Capítulo 2.
Título Tatico siempre, 103 --
Información miscelánea Capítulo 3.
Título Fefita la Grande, 145 --
Información miscelánea Capítulo 4.
Título Filosofía de calle: un tigueraje transnacional, 187 --
Información miscelánea Capítulo 5.
Título Merengue, bachata y reguetón travestidos, 237 --
Información miscelánea Capítulo 6.
Título Escuchando «de lao»: la obra transgénero y transgenérica de Rita Indiana, 273 --
Información miscelánea Capítulo 7.
Título Despacho desde una isla imaginaria, 325 --
-- Apéndice A. Músicas dominicanas mencionadas en este libro, 337 --
-- Apéndice B. Comparación de los botaos de dos acordeonistas, 345 --
-- Apéndice C. Análisis de movimientos y gestos de Fefita la Grande interpretando «La chiflera», 357 --
590 ## - NOTA LOCAL (RLIN)
Nota local Inventariado, 2025/BT
650 #4 - PUNTO DE ACCESO ADICIONAL DE MATERIA--TÉRMINO DE MATERIA
Término de materia o nombre geográfico como elemento de entrada Música popular
Subdivisión geográfica República Dominicana
9 (RLIN) 1323
700 1# - PUNTO DE ACCESO ADICIONAL--NOMBRE DE PERSONA
Nombre de persona Díaz, Rossy,
Término indicativo de función/relación traductor
Código de función/relación tr.
9 (RLIN) 70108
700 1# - PUNTO DE ACCESO ADICIONAL--NOMBRE DE PERSONA
Nombre de persona Rodríguez, Apolinar Liz,
Término indicativo de función/relación corrector
Código de función/relación corr.
9 (RLIN) 87319
700 1# - PUNTO DE ACCESO ADICIONAL--NOMBRE DE PERSONA
Nombre de persona Vicente, María del Carmen,
Término indicativo de función/relación traductor, editor literario.
Código de función/relación tr.
9 (RLIN) 57201
700 1# - PUNTO DE ACCESO ADICIONAL--NOMBRE DE PERSONA
Nombre de persona Cuesta, Modesto,
Término indicativo de función/relación editor
Código de función/relación ed.
9 (RLIN) 3209
700 1# - PUNTO DE ACCESO ADICIONAL--NOMBRE DE PERSONA
Nombre de persona Liz Rodríguez, Apolinar,
Término indicativo de función/relación editor
Código de función/relación ed.
9 (RLIN) 84877
910 ## - DATOS DE OPCIÓN DEL USUARIO (OCLC)
Datos de opción del usuario Btavárez. Validado. Control de Calidad/ MAA
942 ## - ELEMENTOS DE PUNTO DE ACCESO ADICIONAL (KOHA)
Fuente del sistema de clasificación o colocación Dewey Decimal Classification
Tipo de ítem Koha Libro
Holdings
Estado de retiro Estado de pérdida Fuente del sistema de clasificación o colocación Restricciones de uso No para préstamo Código de colección Localización permanente Ubicación/localización actual Ubicación en estantería Fecha de adquisición Fuente de adquisición Total de préstamos Signatura topográfica completa Código de barras Fecha visto por última vez Precio válido a partir de Tipo de ítem Koha Número de copia
    Dewey Decimal Classification Excluido de préstamo   Patrimonio Dominicano Biblioteca Nacional Pedro Henríquez Ureña Biblioteca Nacional Pedro Henríquez Ureña Depósito 15.11.2024 Depósito Legal   BNPHU PD 781.63 H971t 2025-1424 05.03.2025 05.03.2025 Libro  
    Dewey Decimal Classification Excluido de préstamo   Patrimonio Dominicano Biblioteca Nacional Pedro Henríquez Ureña Biblioteca Nacional Pedro Henríquez Ureña En catalogación 15.11.2024 Depósito Legal   BNPHU PD 2025-1425 05.03.2025 14.07.2025 Libro e.2
    Dewey Decimal Classification Préstamo en sala   Dominicana de Servicio Biblioteca Nacional Pedro Henríquez Ureña Biblioteca Nacional Pedro Henríquez Ureña En catalogación 15.11.2024 Depósito Legal   BNPHU DS 2025-1426 05.03.2025 14.07.2025 Libro e.3

Powered by Koha